Annual forest products market review

Guardado en:
Detalles Bibliográficos
Formato: Libro
Lenguaje:inglés
Publicado: Geneva United Nations 1980
Etiquetas: Agregar Etiqueta
Sin Etiquetas, Sea el primero en etiquetar este registro!

MARC

LEADER 00000nam a2200000 4500
001 c141138
005 20221123135059.3
041 0 |a eng 
044 |a CH 
245 1 0 |a Annual forest products market review 
264 1 |a Geneva  |b United Nations  |c 1980 
300 |a 65 s. 
500 |a Supplement 1 to vol. 33 of the Timber Bulletin for Europe